Statistics for Kolkata by Pictures

Click here to take the quiz!

General Stats

  • This quiz has been taken 46 times
  • The average score is 10 of 12

Answer Stats

Answer% Correct
Bengali
95%
Durga Puja
92%
Hoogly / Ganges
92%
Rabindranath Tagore
92%
Rabindra Setu
92%
Victoria Memorial
92%
Eden Gardens
87%
Satyajit Ray
79%
East India Company
76%
{Indian} Museum
76%
Swami Vivekananda
76%
Rasogulla
63%

Score Distribution

Percentile by Number Answered

Percent of People with Each Score

Your Score History

You have not taken this quiz